Statistiques concernant Films de Jacques Audiard par image

Cliquez ici pour prendre le quiz!

Statistiques générales

  • Ce quiz a été pris 55 fois
  • Le résultat moyen est 4 sur 8

Statistiques - réponses

Réponse% Correct
Un Prophète
82%
De rouille et d'os
69%
De battre mon coeur s'est arrêté
59%
Les Frères Sisters
55%
Dheepan
47%
Les Olympiades
33%
Sur mes lèvres
31%
Un héros très discret
29%

Distribution des résultats

Percentile par nombre de réponses

% des personnes avec chaque résultat

Votre développement - résultats

Vous n’avez pas pris ce quiz